=LDR 00000nam 2200000 4500 =001 INLIS000000000029129 =005 20200526093225 =035 ##$$a 0010-061300000029129 =008 200526################g##########0#ind## =041 ##$$a Ind =082 ##$$a 2x4.124 =090 ##$$a 2x4.123, Suy u =100 ##$$a Suyuti, Ahmad =245 1#$$a Untaian mutiara khotbah ju'mat, /$c Ahmad Suyuti =260 ##$$a Jakarta :$b Pustaka amani,$c 2000 =300 ##$$a vi, 237 hlm ; $c 14,5 x 20,5 cm =650 #4$$a Khotbah =850 ##$$a NBPNMAT =084 ##$$a 2x4.124 SUY u =250 ##$$a cet. 1 =990 ##$$a 20800051 =990 ##$$a 40839/ Pb. 08 =990 ##$$a 0001/BPAP-NTB/2015